000 01136cab a2200349 4500
001 ABS52864
008 090401t1995 xxu||||| |||| 00| 0 eng d
035 _a(Sirsi) u541
041 _aeng
100 _aSmith, R.
245 4 _aThe purchase notice: compensation for planning restrictions
260 _c1995
350 _a0
490 _aProperty Management
_v13(2) 1995, 7-13(7)
520 _aExamines the legal rules governing purchase notices and analyses the valuation and compensation implications.
650 _aCOMPENSATION
650 _aDEVELOPMENT VALUE
650 _aDISTURBANCE PAYMENTS
650 _aLISTED BUILDINGS ACT 1990 S32
650 _aOPEN MARKET VALUE
650 _aPLANNING AND COMPENSATION ACT 1991
650 _aPLANNING PERMISSION
650 _aPLANNING RESTRICTIONS
650 _aPURCHASE NOTICES
650 _aREFUSAL
650 _aREINSTATEMENT VALUE
650 _aTOWN AND COUNTRY PLANNING ACT 1990 S137
690 _aENVIRONMENTAL AND LAND CONSULTANCY-PLANNING AND DEVELOPMENT-COMPULSORY PURCHASE AND COMPENSATION
700 _aStorr, J.
942 _n0
948 _c04/03/1997
999 _c251
_d251